[Event "Llinars del Valles op-B 13th"]
[Site "Llinars del Valles"]
[Date "2019.04.27"]
[Round "3"]
[White "Lazaro Valls, Xavier"]
[Black "Basallote Berenguera, Enric"]
[Result "0-1"]
[WhiteElo "1510"]
[BlackElo "1555"]
[PlyCount "62"]
[EventDate "2019.03.30"]
[EventType "swiss"]
[EventRounds "8"]
[EventCountry "ESP"]
[SourceTitle "EXT 2020"]
[Source "ChessBase"]
[SourceDate "2019.10.17"]
[SourceVersion "1"]
[SourceVersionDate "2019.10.17"]
[SourceQuality "1"]

1. e4 e5 2. Nf3 Nc6 3. d4 exd4 4. Nxd4 Bc5 5. Be3 Qf6 6. c3 a6 7. g3 Nge7 8. Bg2 d6 9. 0-0 Ne5 10. b3 h5 11. h3 Bd7 12. Qe2 h4 13. g4 Bxg4 14. hxg4 h3 15. g5 Qg6 16. Bxh3 Rxh3 17. f3 0-0-0 18. Qg2 Rdh8 19. Bf4 Rh1+ 20. Qxh1 Rxh1+ 21. Kxh1 f5 22. Nd2 Nd3 23. Be3 f4 24. Bg1 Qxg5 25. Ne6 Qh6+ 26. Kg2 Qxe6 27. Bxc5 Qg6+ 28. Kh1 Qh5+ 29. Kg2 Qg5+ 30. Kh1 Qh4+ 31. Kg2 Qg3+ 0-1

[Event "Llinars del Valles op-B 12th"]
[Site "Llinars del Valles"]
[Date "2018.05.05"]
[Round "4.15"]
[White "Guiu Mesa, Jordi"]
[Black "Basallote Berenguera, Enric"]
[Result "0-1"]
[WhiteElo "1483"]
[BlackElo "1326"]
[PlyCount "108"]
[EventDate "2018.04.14"]
[EventType "swiss"]
[EventRounds "8"]
[EventCountry "ESP"]
[SourceTitle "CBM 184 Extra"]
[Source "ChessBase"]
[SourceDate "2018.06.28"]
[SourceVersion "1"]
[SourceVersionDate "2018.06.28"]
[SourceQuality "1"]

1. e4 e5 2. Nf3 Nc6 3. Bb5 a6 4. Ba4 Nf6 5. 0-0 Be7 6. Re1 b5 7. Bb3 0-0 8. c3 d5 9. exd5 Nxd5 10. Nxe5 Nxe5 11. Rxe5 c6 12. d4 Bd6 13. Re1 Qh4 14. g3 Qh3 15. Qf3 Bg4 16. Qg2 Qh5 17. Nd2 Rae8 18. Ne4 f5 19. Bxd5+ cxd5 20. Nf6+ gxf6 21. Qxd5+ Kh8 22. Rxe8 Rxe8 23. Be3 Bxg3 24. fxg3 Rxe3 25. Rf1 Re2 26. Qd8+ Qe8 27. Qxf6+ Kg8 28. Qg5+ Qg6 29. Qd8+ Kg7 30. Qc7+ Qf7 31. Qf4 Bh3 32. Rd1 Re4 33. Qd2 Qg6 34. Kf2 f4 35. Rg1 f3 36. Re1 Rxe1 37. Kxe1 Qe4+ 38. Kf2 Bg4 39. h3 Bxh3 40. Qg5+ Kf7 41. Qh5+ Ke7 42. Qxf3 Qxf3+ 43. Kxf3 h5 44. Kf4 Kf6 45. a3 Bg2 46. b3 Bd5 47. b4 Be6 48. Kf3 Kf5 49. Kf2 Bd5 50. Kg1 Kg4 51. Kh2 Be4 52. a4 bxa4 53. c4 a3 54. d5 a2 0-1

[Event "Llinars del Valles op-B 12th"]
[Site "Llinars del Valles"]
[Date "2018.04.14"]
[Round "1.33"]
[White "Basallote Berenguera, Enric"]
[Black "Moles Benali, Joan"]
[Result "0-1"]
[WhiteElo "1326"]
[BlackElo "1470"]
[PlyCount "104"]
[EventDate "2018.04.14"]
[EventType "swiss"]
[EventRounds "8"]
[EventCountry "ESP"]
[SourceTitle "CBM 184 Extra"]
[Source "ChessBase"]
[SourceDate "2018.06.28"]
[SourceVersion "1"]
[SourceVersionDate "2018.06.28"]
[SourceQuality "1"]

1. e4 c5 2. Nf3 d6 3. d4 cxd4 4. Nxd4 Nf6 5. Nc3 a6 6. Be3 b5 7. a3 Bb7 8. f3 e6 9. Bd3 Be7 10. 0-0 0-0 11. a4 b4 12. Na2 a5 13. c3 Nc6 14. cxb4 Nxb4 15. Nxb4 axb4 16. b3 Nd7 17. Bd2 Bf6 18. Nc2 Bxa1 19. Qxa1 Nc5 20. Bc4 Qb6 21. Qd4 Nd7 22. Bxb4 Qxd4+ 23. Nxd4 Nc5 24. Rb1 Ba6 25. Bxa6 Rxa6 26. e5 Rb8 27. Nb5 Nb7 28. Bxd6 Rc8 29. Ba3 Rc2 30. Ra1 Nc5 31. Nd4 Rc3 32. Rb1 h6 33. Bb4 Re3 34. Bxc5 Rxe5 35. Bb4 Rd5 36. Ne2 Rb6 37. Be1 Rc6 38. b4 Rc2 39. Kf2 Re5 40. b5 Rexe2+ 41. Kf1 Rxg2 42. Rd1 Rxh2 43. Kg1 Rcg2+ 44. Kf1 Ra2 45. Kg1 Rhb2 46. Bc3 Rc2 47. Be5 Rxa4 48. b6 Rb4 49. Bc7 Kh7 50. Bd8 Kg6 51. Ra1 h5 52. f4 h4 0-1

[Event "Sabadell Coral Colon op 12th"]
[Site "Sabadell"]
[Date "2018.03.23"]
[Round "7"]
[White "Pascual Bonfill, Albert"]
[Black "Basallote Berenguera, Enric"]
[Result "1-0"]
[WhiteElo "1661"]
[BlackElo "1700"]
[PlyCount "105"]
[EventDate "2018.02.09"]
[EventType "swiss"]
[EventRounds "9"]
[EventCountry "ESP"]
[SourceTitle "EXT 2019"]
[Source "ChessBase"]
[SourceDate "2018.10.10"]
[SourceVersion "1"]
[SourceVersionDate "2018.10.10"]
[SourceQuality "1"]

1. c4 c5 2. Nf3 Nc6 3. Nc3 e5 4. e4 g6 5. g3 Bg7 6. d3 Nge7 7. a3 a5 8. Nb5 0-0 9. Be3 d6 10. Bg2 f5 11. exf5 Nxf5 12. Bg5 Qd7 13. Rb1 Na7 14. a4 Nxb5 15. axb5 Rb8 16. 0-0 b6 17. Qd2 h6 18. Be3 Nxe3 19. fxe3 Qe7 20. Nh4 Rxf1+ 21. Rxf1 Kh7 22. Be4 Qg5 23. Nxg6 Kg8 24. Bd5+ Kh7 25. Nf8+ Kh8 26. Be4 Bh3 27. Ng6+ Kg8 28. Rf2 Bf6 29. Nh4 Rf8 30. Bf5 Bxf5 31. Nxf5 Rd8 32. e4 Qxd2 33. Rxd2 Bg5 34. Rf2 a4 35. h4 Bf6 36. Nxh6+ Kg7 37. Ng4 Be7 38. Ne3 Rf8 39. Rxf8 Kxf8 40. Kg2 Kf7 41. h5 Bg5 42. Nd1 Kg7 43. Nc3 Kh6 44. g4 Bd8 45. Nxa4 Kg5 46. Kg3 Bc7 47. Nc3 Bd8 48. Nd5 Kh6 49. Ne3 Bc7 50. Nf5+ Kh7 51. Kh4 Bd8+ 52. g5 Bc7 53. g6+ 1-0

[Event "Catalunya-ch U16"]
[Site "Sabadell"]
[Date "2010.01.16"]
[Round "1.1"]
[White "Jareno Badenas, Aleix"]
[Black "Basallote Berenguera, Enric"]
[Result "1-0"]
[WhiteElo "2092"]
[BlackElo "1713"]
[PlyCount "91"]
[EventDate "2010.01.16"]
[EventType "swiss"]
[EventRounds "6"]
[EventCountry "ESP"]
[SourceTitle "EXT 2024"]
[Source "ChessBase"]
[SourceDate "2023.10.10"]
[SourceVersion "1"]
[SourceVersionDate "2023.10.10"]
[SourceQuality "1"]

1. e4 e5 2. Nf3 Nc6 3. d4 exd4 4. Nxd4 Nxd4 5. Qxd4 Nf6 6. Bg5 Be7 7. Nc3 d6 8. Bc4 0-0 9. 0-0 c5 10. Qd3 h6 11. Bh4 Bd7 12. Rad1 Bc6 13. Bxf6 Bxf6 14. Bd5 Bxd5 15. Qxd5 Be5 16. Qb3 Bxc3 17. Qxc3 Qe7 18. f3 b6 19. Rd5 Rfd8 20. Rfd1 Rac8 21. Qd3 Rc6 22. e5 c4 23. Qd4 Rc5 24. exd6 Qd7 25. Rxc5 bxc5 26. Qxc5 Qc8 27. Qxa7 Qc6 28. d7 Kf8 29. Qd4 f6 30. Qd6+ Qxd6 31. Rxd6 Ke7 32. Rd4 Rxd7 33. Rxd7+ Kxd7 34. Kf2 Kd6 35. Ke3 Kd5 36. b4 cxb3 37. axb3 Kc5 38. c4 Kb4 39. Ke4 g6 40. Kd5 Kxb3 41. c5 Ka4 42. c6 Ka5 43. c7 Ka6 44. c8Q+ Ka7 45. Kc6 f5 46. Qb7# 1-0